FOOTBALL PENALTY SIGNALS #1 - Statistics

General Stats
  • This quiz has been taken 43 times
    33 since last reset
  • The average score is 6 of 9
Answer Stats
Hint Answer % Correct
Grabbing Face Facemask
100%
Placing hands on hips Encroachment, Offsides, Neutral Zone Infraction
96%
Grabbing arm in front of body Holding
92%
Pretending to kick hand Roughing the kicker
69%
Both hands in front with palms facing outward Pass Interference
65%
Arms crossed in front of face Delay of Game
46%
Arms spread Unsportsmanlike Conduct
46%
Palm out grabbing wrist Illegal use of hands
23%
Tapping Head Too Many Men
12%
No matching quizzes found
Score Distribution
Percent of People with Each Score
Percentile by Number Answered
Your Score History
You have not taken this quiz since the last reset